|
|
|
|
| LEADER |
00000nam a2200000 a 4500 |
| 001 |
UCY6095 |
| 003 |
CL-VaPUC |
| 008 |
950521e19610000AG |||||||||||||||||spa|d |
| 082 |
0 |
4 |
|a 364.3
|b MIR
|2 21
|
| 100 |
|
|
|a Mira y López, Emilio
|e autor
|9 570732
|
| 245 |
1 |
0 |
|a Manual de psicología jurídica
|
| 250 |
|
|
|a 5a. ed
|
| 300 |
|
|
|a 285 p
|
| 942 |
|
|
|c BK
|
| 945 |
|
|
|d 19950521 00:00:00
|a mfernand
|
| 260 |
|
|
|a Buenos Aires
|b El Ateneo
|c 1961
|
| 650 |
|
0 |
|a Psicología aplicada
|9 270762
|
| 650 |
|
0 |
|a Personalidad
|9 307255
|
| 650 |
|
0 |
|a Ética
|9 255099
|
| 650 |
|
0 |
|a Comportamiento moral
|9 334569
|
| 650 |
|
7 |
|a DERECHO
|2 CL-VaPUC
|9 335750
|
| 650 |
|
7 |
|a LEGISLACION
|2 CL-VaPUC
|9 335751
|
| 650 |
|
0 |
|a Motivación
|9 315362
|
| 650 |
|
0 |
|a Delitos
|9 224143
|
| 650 |
|
0 |
|a Terapia
|9 334442
|
| 650 |
|
7 |
|a PSICOLOGIA CRIMINAL
|2 CL-VaPUC
|9 256274
|
| 650 |
|
0 |
|a Personalidad
|9 307255
|
| 650 |
|
0 |
|a Enfermedades mentales
|9 310204
|
| 650 |
|
0 |
|a Administración de justicia
|9 382749
|
| 583 |
|
|
|a last modification
|c 19950521 00:00:00
|k Rodrigo Vera
|
| 999 |
|
|
|c 233678
|d 233676
|
| 952 |
|
|
|0 0
|1 0
|4 0
|6 364_300000000000000_MIR_1961
|7 0
|8 P
|9 239358
|a BIBEDU
|b BIBEDU
|c BIBEDU_PB
|d 2019-11-18
|i 1508091
|o 364.3 MIR 1961
|p 1508091
|r 2024-01-25
|w 2019-11-18
|y BK
|k EDU
|
| 952 |
|
|
|0 0
|1 0
|4 0
|6 364_300000000000000_MIR_1961
|7 0
|8 A
|9 239359
|a BIBDER
|b BIBDER
|d 2019-11-18
|i 1816152
|o 364.3 MIR 1961
|p 1816152
|r 2023-01-25
|w 2019-11-18
|y BK
|k DER
|